| 000 | 00000nam 2200000za 4500 |
| 001 | 9.642973 |
| 003 | CaOODSP |
| 005 | 20210624223944 |
| 007 | cr ||||||||||| |
| 008 | 150407|2009||||xxc|||||o f|0| 0 fre d |
| 040 | |aCaOODSP|bfre |
| 043 | |an-cn--- |
| 086 | 1 |aCH6-25/2009F-PDF |
| 110 | 1 |aCanada. |bPatrimoine canadien. |
| 245 | 10|aVérification interne du Programme des Autochtones |h[ressource électronique] : |bvolet Cultures autochtones vivantes / |cBureau du dirigeant principal de la vérification et de l'évaluation, Direction des services de vérification et d'assurance. |
| 260 | |a[Ottawa] : |bPatrimoine canadien, |c2009. |
| 300 | |a27 p. : |btableaux |
| 590 | |a14-06-Supp|b2014-03-21 |
| 775 | 08|tInternal audit of the Aboriginal Peoples' Program |w(CaOODSP)9.698978 |
| 856 | 40|ahttp://publications.gc.ca|qPDF|s273 Ko|uhttps://publications.gc.ca/collections/collection_2014/pc-ch/CH6-25-2009-fra.pdf |